000 00522nmm a2200169Ia 4500
008 251105s9999||||xx |||||||||||||||||und||
020 _a8497423429
041 _aspa
100 _aAlvarez Barrientos, Joaquín (ed.)
245 0 _aSe hicieron literatos para ser políticos
264 _a[Madrid, España] :
_bBiblioteca Nueva,
_c2004
300 _a384 páginas
490 _aHistoria Biblioteca Nueva
650 _aPolitical Science (General)
856 _uhttps://public.digitaliapublishing.com/a/5151
942 _cCF
999 _c74146
_d74146